000 00529nam a2200217Ia 4500
003 OSt
005 20220927114238.0
006 a|||||r|||| 00| 0
007 ta
008 220926b |||||||| |||| 00| 0 eng d
024 _a149478
037 _cTextbook
040 _aRTL
_cRTL
_beng
041 _2eng
_aeng
082 _a"X, TD"
110 _a"INDIA , FINANCE"
_9387799
245 0 _aStatement on industrial policy
700 _a"INDIA , FINANCE"
_9387800
942 _h"X, TD"
_cCC
999 _c703636
_d703636